Can you name every time the Red Sox won the World Series - Statistics

General Stats
  • This quiz has been taken 456 times
  • The average score is 7 of 8
Answer Stats
Runner-Ups Answer % Correct
St. Louis Cardinals 2004
99%
Colorado Rockies 2007
98%
St. Louis Cardinals 2013
98%
Chicago Cubs 1918
88%
Pittsburg Pirates 1903
87%
New York Giants 1912
87%
Philadelphia Phillies 1915
87%
Brooklyn Robins 1916
87%
No matching quizzes found
Score Distribution
Percent of People with Each Score
Percentile by Number Answered
Your Score History
You have not taken this quiz